000 00569nam a2200193 a 4500
001 000027060
005 20240529124643.0
008 110329s2006 bl 000 f spa d
020 _a857709006X
040 _aDO-SdBNP
_bspa
_cBNPHU
082 _aB863. 5
_bV931m
100 1 _aVolpe, Marcelo Lataro
_954145
245 1 0 _aMinimini /
_cMarcelo Lataro Volpe.
260 _aDiadema, Sao Paulo :
_bGermape,
_c2006.
300 _a195 p. ;
_c21 cm.
650 0 _aNovela brasileƱa
_913650
650 4 _aLiteratura brasileƱa
_9823
910 _aValidado. Control de calidad MFF
999 _c26552
_d26552